| 000 | 00672nam a22002171 4500 | ||
|---|---|---|---|
| 001 | 134639 | ||
| 003 | ES-MaACL | ||
| 005 | 20230906194720.0 | ||
| 007 | t| | ||
| 008 | 070912s1971 sp ||||0| spa d | ||
| 016 | 7 | _zIND2000944772 | |
| 040 |
_aM-BN _bspa _cCDM |
||
| 080 | _a17.024.4 | ||
| 100 | 1 |
_aWiedemann, Fritz. _9116757 |
|
| 245 | 1 | 0 |
_aCómo aumentar el rendimiento personal _b: ideas nuevas para personas de mucha actividad / _c[traducción de Carmen Penella de Silva]. |
| 260 |
_a[Salamanca] : _bAnaya, _c[1971] |
||
| 300 |
_a247 p. ; _c18 cm. |
||
| 650 | 4 |
_aÉxito. _912681 |
|
| 700 | 1 |
_aPenella, Carmen. _990164 |
|
| 852 |
_aES-MaACL _jC-44286 _bR.76358 |
||
| 999 |
_c134639 _d134639 |
||